000 00574nam a22001817a 4500
999 _c20214
_d20214
003 BDDh-ASL
005 20231015025847.0
008 201227s1961 en ||||| |||| 00| 0 eng d
040 _cBDDh-ASL
082 _a297
_bGAM
100 1 _92612
_aDemombynes, Maurice Gaudefroy
245 1 0 _aMuslim Institutions /
260 _aLondon:
_bGeorge Allen & Unwin Ltd.,
_c1961.
300 _a216 p.:
_c22 cm.
650 0 _91652
_aIslam
650 0 _aReligion, ধর্ম, Dharma, faith, creed, law, worship, property, আস্তিকতা, দীন
_92606
942 _2ddc
_cBK